| 000 -LEADER |
| fixed length control field |
01433 a2200217 4500 |
| 003 - CONTROL NUMBER IDENTIFIER |
| control field |
Nust |
| 005 - DATE AND TIME OF LATEST TRANSACTION |
| control field |
20220812123933.0 |
| 010 ## - LIBRARY OF CONGRESS CONTROL NUMBER |
| LC control number |
86124401 |
| 020 ## - INTERNATIONAL STANDARD BOOK NUMBER |
| International Standard Book Number |
0863410480 |
| 040 ## - CATALOGING SOURCE |
| Transcribing agency |
Nust |
| 082 ## - DEWEY DECIMAL CLASSIFICATION NUMBER |
| Classification number |
621.3813,MIC |
| 245 00 - TITLE STATEMENT |
| Title |
Microwave measurement / |
| Statement of responsibility, etc. |
edited by A.E. Bailey. |
| 260 ## - PUBLICATION, DISTRIBUTION, ETC. |
| Place of publication, distribution, etc. |
London, UK : |
| Name of publisher, distributor, etc. |
P. Peregrinus on behalf of the Institution of Electrical Engineers, |
| Date of publication, distribution, etc. |
c1985. |
| 300 ## - PHYSICAL DESCRIPTION |
| Extent |
xi, 460 p. : |
| Other physical details |
ill. ; |
| Dimensions |
24 cm. |
| 440 #0 - SERIES STATEMENT/ADDED ENTRY--TITLE |
| Title |
IEE electrical measurement series ; |
| Volume/sequential designation |
3 |
| 9 (RLIN) |
97004 |
| 505 ## - FORMATTED CONTENTS NOTE |
| Formatted contents note |
Transmission Lines (Page-1), Scattering Coefficients (Page-17), Circuits analysis (Page-48), Modern Lines (Page-60), Reflection and Matching (Page-71), Detector and Detection for measurement (Page-91), Power Measurement (Page-102), Attenuation Measurement (Page-129), Microwave Network analysis (Page-170), Noise Measurement (Page-195), Sampling Principle (Page-223), Sampling System (Page-239),Spectrum Analysis (Page-264), Swept and Stepped Frequency (Page-284), Analog system (Page-300), Digital System (Page-324), Measurement on Active device (Page-362), Antenna Measurement (Page-375), Power Flux Density Measurement (Page-388), Automation in microwave (Page-402), Uncertainty and Confidence in measurement (Page-418), Who Makes Measurement And Why? (Page-418), |
| 650 #0 - SUBJECT ADDED ENTRY--TOPICAL TERM |
| Topical term or geographic name entry element |
Telecommunication Engineering. |
| 700 1# - ADDED ENTRY--PERSONAL NAME |
| Personal name |
Bailey, A. E. |
| 9 (RLIN) |
97005 |
| 710 2# - ADDED ENTRY--CORPORATE NAME |
| Corporate name or jurisdiction name as entry element |
Institution of Electrical Engineers. |
| 942 ## - ADDED ENTRY ELEMENTS (KOHA) |
| Koha item type |
Reference |
| Source of classification or shelving scheme |
|